000 01400cam a2200349 i 4500
001 3942845
003 EG-ScBUE
005 20241125101938.0
008 930714t1995 caua f b 001 0 eng d
020 _a0534209343 (acidfree)
020 _a9780534209346
040 _aDLC
_beng
_erda
_cDLC
_dDLC
_dEG-ScBUE
082 0 4 _a519.5
_222
_bRIC
100 1 _aRice, John A.,
_d1944-
_eauthor.
245 1 0 _aMathematical statistics and data analysis /
_cJohn A. Rice, University of California, Berkeley.
250 _aSecond edition.
264 1 _aBelmont, CA :
_bDuxbury Press,
_c[1995]
264 4 _cc1995
300 _axx, 602, 49 pages :
_billustrations ;
_c24 cm +
_e1 CD
336 _2rdacontent
_atext
_btxt
336 _2rdacontent
_asounds
_bsnd
337 _aunmediated
_2rdamedia
_bn
337 _aaudio
_2rdamedia
_bs
338 _avolume
_bnc
_2rdacarrier
338 _acomputer disc
_bcd
_2rdacarrier
500 _aSystem requirements for computer disk: IBM-compatible PC; DOS. Files in ASCII and Minitab formats.
504 _aIncludes bibliographical references and index.
650 7 _aStatistics.
_2BUEsh
655 _vReading book
942 _2ddc
_cBB
999 _c10674
_d10674